00767nam a2200205 a 450000100100000000500170001000800410002704000250006808200170009310000390011024500880014926000430023730000210028050000430030160000360034470000340038004900090041495201210042399900170054400002288220200930021844.0101122s1939 ch r 000 0 spa d aDO-SdBNPbspacBNPHU a928.2bS545M1 aMaurois, André,d1885-19679631910aAriel o la vida de Shelley /cAndré Maurois ; traducción Luis Calvo Martínez. aSantiago, Chile :bMundo Nuevo,c1939. a182 p. ;c19 cm. aIncluye notas al pie de las páginas.10aSHELLEY, MARY,d1797-1851941591 aCalvo Martínez, Luis947030 aBNGR 001054708MOaGRbGRcCTd2010-11-22iLF1l0o928.2 S545Mp22882-10r2020-06-25w2020-06-25y4ZPréstamo en sala c22379d22379